000 00585nam a2200205Ia 4500
005 20250508170154.0
008 008 250505s9999 xx 000 0 hin d
020 _a978-1-4625-3064-9
037 _aTextual
040 _aFEDL
_beng
_cFEDL
041 _ahin
_2eng
084 _a407, RAW
_qFEDL
100 _aRawat Birender Singh
_9779239
245 0 _aBhasha- shikshan ki rachnatmak aur aalochnatmak drashti
260 _aShahdara India
_bYash Publications
_c2016
300 _a111p.
365 _aINR
_b495
942 _cTEXL
_h407, RAW
999 _c1399608
_d1399608